Statistiken für Größte deutsche Städte nach Buchstabe - R

Klicken Sie hier um das Quiz zu spielen!

Allgemein

  • Dieses Quiz wurde 3.882 mal gespielt
    (3.848 seit der letzten Aktualisierung)
  • Das Durchschnittsergebnis liegt bei 6 aus 17

Antwortstatistiken

LandEinwohnerStadt% Korrekt
Bayern152.270Regensburg
89%
Mecklenburg-Vorpommern209.061Rostock
88%
Baden-Württemberg116.031Reutlingen
61%
NRW110.705Recklinghausen
53%
Baden-Württemberg50.776Ravensburg
47%
NRW111.516Remscheid
40%
Bayern63.591Rosenheim
36%
Hessen65.972Rüsselsheim am Main
32%
Baden-Württemberg50.165Rastatt
29%
NRW86.899Ratingen
26%
NRW76.123Rheine
23%
Sachsen33.843Radebeul
11%
NRW48.672Rheda-Wiedenbrück
11%
Baden-Württemberg43.756Rottenburg am Neckar
11%
Baden-Württemberg31.530Radolfzell am Bodensee
9%
Hessen46.005Rodgau
8%
Baden-Württemberg32.919Rheinfelden (Baden)
6%

Verteilung der Resultate

Perzentil nach korrekt beantworteten Fragen

Anzahl Personen mit jedem Resultat

Ihre Resultats-Entwicklung

Sie haben dieses Quiz seit der letzten Aktualisierung nicht gespielt